| 000 | 00380nam a22001577a 4500 | ||
|---|---|---|---|
| 003 | OSt | ||
| 005 | 20250624223255.0 | ||
| 008 | 250624b |||||||| |||| 00| 0 eng d | ||
| 040 | _cDLC | ||
| 050 | _aK639 | ||
| 110 | _aUnited Nations | ||
| 245 | _aConvention on the Rights of the Child | ||
| 260 |
_aNew York ; _bUnited Nations _cc1991 |
||
| 300 | _a54 pages | ||
| 942 |
_2lcc _cBK _n0 |
||
| 999 |
_c6655 _d6655 |
||